12 Plus grandes villes de ces pays européen - Statistiques

Statistiques générales
  • Ce quiz a été pris 598 fois
    348 depuis la dernière actualisation
  • Le résultat moyen est 66 sur 144
Statistiques - réponses
Hint Réponse % Correct
France/861 635 Marseille
100%
France/2 206 488 Paris
100%
France/513 275 Lyon
99%
Allemagne/3 439 100 Berlin
96%
France/232 641 Lille
96%
France/342 522 Nice
94%
France/249 712 Bordeaux
93%
Espagne/3 141 991 Madrid
93%
France/471 941 Toulouse
93%
Espagne/1 602 144 Barcelone
92%
Royaume-uni/8 250 205 Londres
91%
France/303 382 Nantes
91%
France/277 270 Strasbourg
91%
Belgique/143 346 Bruxelles
88%
Italie/2 874 038 Rome
88%
Allemagne/1 330 440 Munich
87%
Royaume-uni/464 600 Manchester
86%
Russie/12 108 257 Moscou
86%
Italie/1 350 680 Milan
85%
France/215 366 Rennes
85%
Espagne/689 434 Séville
84%
Pays Bas/840 498 Amsterdam
83%
Royaume-uni/434 900 Liverpool
82%
Italie/989 335 Naples
82%
Pologne/1 802 398 Varsovie
82%
Allemagne/1 769 117 Hambourg
81%
Ukraine/2 868 327 Kiev
81%
Russie/5 131 192 Saint-Pétersbourg
81%
Italie/897 265 Turin
81%
Allemagne/709 395 Francfort
80%
Suède/1 252 020 Stockholm
80%
Espagne/787 808 Valence
80%
Turquie/10 878 360 Istanbul
79%
France/277 639 Montpellier
78%
Turquie/3 894 182 Ankara
77%
Allemagne/1 000 660 Cologne
77%
Espagne/335 340 Bilbao
76%
Pays Bas/632 688 Rotterdam
76%
Italie/269 841 Venise
74%
Royaume-uni/1 085 810 Birmingham
73%
Italie/380 226 Florence
73%
Belgique/520 504 Anvers
72%
Pologne/754 854 Cracovie
71%
Belgique/182 741 Liège
70%
Royaume-uni/590 507 Glasgow
69%
Italie/676 188 Palerme
68%
Royaume-uni/441 419 Edimbourg
66%
Italie/592 995 Gênes
66%
Allemagne/586 217 Düsseldorf
65%
Belgique/117 253 Bruges
64%
Pays Bas/521 705 La Haye
64%
Royaume-uni/430 459 Leeds
63%
Espagne/569 130 Malaga
63%
Suède/258 020 Malmö
60%
Allemagne/600 068 Stuttgart
60%
Royaume-uni/307 364 Cardiff
59%
Allemagne/581 306 Dortmund
59%
Italie/386 298 Bologne
57%
France/184 076 Reims
57%
Allemagne/518 812 Leipzig
56%
Belgique/255 000 Gand
55%
Espagne/664 953 Saragosse
54%
Belgique/201 433 Charleroi
53%
Italie/321 008 Bari
51%
Suède/510 491 Göteborg
51%
Ukraine/1 017 022 Odessa
51%
Allemagne/547 685 Brême
50%
Pologne/455 830 Gdańsk
47%
Italie/315 576 Catane
46%
Allemagne/520 699 Hanovre
45%
Royaume-uni/429 028 Bristol
42%
Ukraine/1 451 132 Kharkiv
42%
Pays Bas/225 060 Eindhoven
41%
Ukraine/949 825 Donetsk
40%
Pologne/742 152 Łódź
40%
Italie/263 964 Vérone
40%
Turquie/2 672 126 Izmir
39%
Belgique/126 954 Namur
39%
Pays Bas/340 153 Utrecht
39%
Royaume-uni/428 917 Sheffield
38%
Russie/1 263 873 Nijni Novgorod
37%
Allemagne/576 259 Essen
36%
Russie/1 190 850 Kazan
36%
Ukraine/729 818 Lviv
36%
Russie/1 109 835 Rostov
35%
Pologne/632 240 Wrocław
34%
Espagne/329 988 Alicante
33%
Turquie/911 497 Antalya
32%
Espagne/439 899 Murcie
32%
Espagne/325 453 Cordoue
30%
Espagne/381 123 Las Palmas
30%
Pologne/559 458 Poznań
30%
Belgique/90 143 Louvain
27%
Ukraine/993 094 Dnipropetrovsk
26%
Belgique/90 946 Mons
26%
Belgique/121 789 Anderlecht
24%
Pologne/312 201 Katowice
24%
Ukraine/458 533 Marioupol
24%
Suède/128 409 Uppsala
21%
Russie/1 172 182 Samara
20%
Pays Bas/199 830 Groningue
19%
Pologne/351 345 Lublin
19%
Russie/1 412 316 Ekaterinbourg
17%
Russie/1 096 702 Oufa
17%
Pays Bas/182 394 Bréda
15%
Turquie/1 589 530 Bursa
14%
Royaume-uni/310 200 Coventry
14%
Ukraine/424 113 Louhansk
14%
Russie/1 547 910 Novossibirsk
14%
Russie/1 109 835 Omsk
13%
Turquie/980 973 Konya
12%
Pologne/249 787 Gdynia
11%
Suède/97 429 Linköping
11%
Pologne/407 260 Szczecin
11%
Belgique/111 574 Schaerbeek
10%
Ukraine/766 216 Zaporijia
10%
Turquie/1 517 789 Adana
9%
Turquie/1 253 815 Gaziantep
9%
Suède/84 323 Jönköping
9%
Suède/83 561 Norrköping
9%
Russie/1 169 432 Tcheliabinsk
9%
Pologne/294 205 Białystok
8%
Pologne/360 142 Bydgoszcz
8%
Pays Bas/172 463 Nimègue
8%
Espagne/434 516 Palma de Mallorca
8%
Pays Bas/158 395 Haarlem
7%
Suède/91 457 Helsingborg
7%
Russie/1 035 528 Krasnoïarsk
7%
Pays Bas/213 064 Tilburg
7%
Suède/75 645 Umeå
7%
Suède/107 005 Västerås
7%
Turquie/789 119 Kayseri
6%
Suède/76 188 Lund
5%
Turquie/696 508 Mersin
5%
Turquie/599 796 Eskişehir
4%
Royaume-uni/343 019 Newcatle upon Tyne
4%
Pays Bas/199 479 Almere
3%
Belgique/79 448 Molenbeek-Saint-Jean
3%
Turquie/613 821 Diyarbakır
2%
Pays Bas/159 751 Apeldoorn
1%
Ukraine/652 735 Kryvyï Rih
1%
Ukraine/494 922 Mikolaïv
1%
Suède/98 237 Örebo
1%
Ukraine/372 116 Vinnytsia
1%
Aucun quiz correspondant
Distribution des résultats
% des personnes avec chaque résultat
Percentile par nombre de réponses
Votre historique - résultats
Vous n’avez pas pris ce quiz depuis la dernière actualisation